BCIS Wessex estimating price book (Record no. 85468)

MARC details
000 -LEADER
fixed length control field 00677cgm a22002415a 4500
001 - CONTROL NUMBER
control field L146156
008 - FIXED-LENGTH DATA ELEMENTS--GENERAL INFORMATION
fixed length control field 081212s2006 xxk f 000 0 eng u
020 ## - INTERNATIONAL STANDARD BOOK NUMBER
International Standard Book Number 1904829430
035 ## - SYSTEM CONTROL NUMBER
System control number (Sirsi) u146156
041 0# - LANGUAGE CODE
Language code of text/sound track or separate title eng
050 04 - LIBRARY OF CONGRESS CALL NUMBER
Classification number 692.5 $2 18
245 00 - TITLE STATEMENT
Title BCIS Wessex estimating price book
Remainder of title alterations & refurbishment pricing system 2007 [electronic resource]
250 ## - EDITION STATEMENT
Edition statement 12th ed.
260 ## - PUBLICATION, DISTRIBUTION, ETC.
Place of publication, distribution, etc. Poole
Name of publisher, distributor, etc. Wessex
Date of publication, distribution, etc. 2006
300 ## - PHYSICAL DESCRIPTION
Extent 1 CD-ROM
350 ## - PRICE (NR) (BK AM CF MU VM SE) [OBSOLETE]
Price 65
520 2# - SUMMARY, ETC.
Summary, etc. CD-ROM of the main work (L136511)
651 #4 - SUBJECT ADDED ENTRY--GEOGRAPHIC NAME
Geographic name England and Wales
Chronological subdivision 1543-
690 ## - LOCAL SUBJECT ADDED ENTRY--TOPICAL TERM (OCLC, RLIN)
Topical term or geographic name as entry element BUILT ENVIRONMENT-BUILDING COSTS
700 1# - ADDED ENTRY--PERSONAL NAME
Personal name Barnett, N.P.
Relator term Editor
942 ## - ADDED ENTRY ELEMENTS (KOHA)
Suppress in OPAC 0
Holdings
Withdrawn status Lost status Source of classification or shelving scheme Damaged status Not for loan Home library Current library Shelving location Date acquired Total Checkouts Full call number Barcode Date last seen Copy number Price effective from Koha item type
    Dewey Decimal Classification     London London RICS Boxes 12/12/2008   RICS 2007/75 30076089 06/08/2019 1 06/08/2019 Reference material